000 00491nam a2200181Ia 4500
008 240925s9999 xx 000 0 und d
020 _a9788120334113
082 _a621.382 COU
100 _aCouch ,Leon W.
245 0 _aDigital and Analog Communication Systems
250 _a7th
260 _aNew Delhi:
_bPearson Printice Hall
_c,2008.
300 _axviii,540p.
_bN.A
_fOriginal
500 _aIncludes Index
600 _aElectronic Engineering
650 _aTechnology
942 _cBK
999 _c10486
_d10486